000 00362nam a2200157Ia 4500
008 151213s9999 xx 000 0 und d
100 _aBrace King
245 _aArms & the man
_cBrace King
250 _a1st
260 _aHonkong
_bLong man
_c1980
300 _a2497 p.
650 _aEnglish
650 _aEnglish
700 _aBrace King
999 _c1708
_d1708